000 00299nam a22001337a 4500
008 190206b xxu||||| |||| 00| 0 eng d
020 _a0395332877
041 _aeng
080 _a510
100 _a38
101 _aMAT
245 _aCollege Algebra and Trigonometry
_cKelly,T.J
942 _2udc
_cBK
999 _c54096
_d54096